ishq k do char sin/ (Record no. 614179)
[ view plain ]
| 000 -LEADER | |
|---|---|
| fixed length control field | 00512nam a22001697a 4500 |
| 082 ## - DEWEY DECIMAL CLASSIFICATION NUMBER | |
| Classification number | 891.4393 |
| Author Mark | SID |
| 100 ## - MAIN ENTRY--PERSONAL NAME | |
| Personal name | Sadiqui,Shokat |
| 245 ## - TITLE STATEMENT | |
| Title | ishq k do char sin/ |
| Statement of responsibility, etc. | Shoakat Sadiqui |
| 260 ## - PUBLICATION, DISTRIBUTION, ETC. | |
| Place of publication, distribution, etc. | Islamabad; |
| Name of publisher, distributor, etc. | Alhamra, |
| Date of publication, distribution, etc. | 2000. |
| 300 ## - PHYSICAL DESCRIPTION | |
| Extent | 445 p. |
| Dimensions | 25cm. |
| 563 ## - BINDING INFORMATION | |
| Binding note | PB |
| 650 ## - SUBJECT ADDED ENTRY--TOPICAL TERM | |
| Topical term or geographic name entry element | Afsana |
| 880 ## - ALTERNATE GRAPHIC REPRESENTATION | |
| Linkage | 100-01\(3\r |
| Title | شوکت صدیقی\ |
| 880 ## - ALTERNATE GRAPHIC REPRESENTATION | |
| Linkage | 245-02\(3\r |
| Title | عشق کے دو چار سین\ |
| 880 ## - ALTERNATE GRAPHIC REPRESENTATION | |
| Linkage | 260-03\(3\r |
| Title | اسلام آباد; |
| b | الحمرا, |
| c | 2000. |
| 942 ## - ADDED ENTRY ELEMENTS (KOHA) | |
| Source of classification or shelving scheme | |
| Koha item type | Book |
| 650 ## - SUBJECT ADDED ENTRY--TOPICAL TERM | |
| -- | 129539 |
| Withdrawn status | Lost status | Source of classification or shelving scheme | Damaged status | Not for loan | Permanent Location | Current Location | Date acquired | Total Checkouts | Full call number | Barcode | Date last seen | Price effective from | Koha item type |
|---|---|---|---|---|---|---|---|---|---|---|---|---|---|
| Central Library (CL) | Central Library (CL) | 07/09/2025 | 891.4393 SID | CL-D-2919 | 07/09/2025 | 07/09/2025 | Book |
